| 000 | 00388nam a2200157Ia 4500 | ||
|---|---|---|---|
| 008 | 210716s2003 xx 000 0 und d | ||
| 020 | _a8188429252 | ||
| 041 | _aeng | ||
| 082 | _a005.73 GURN | ||
| 100 | _aGuruprasad, N. | ||
| 245 | _aData structures using c. | ||
| 250 | _a1 | ||
| 260 |
_aChennai _bScitech Publications Pvt Ltd. _c2003 |
||
| 300 | _a11.5,A-70,D-12 | ||
| 650 | _aNone | ||
| 999 |
_c186098 _d186098 |
||